000 00374nam a22001577a 4500
003 MPLRDC
005 20220104143732.0
008 210129b ||||| |||| 00| 0 eng d
082 _a952.6 MF
100 _a麦烽 著
245 _a冲晒放大实用手册
_c
260 _a
_b香港三育图书文具公司
_c1973
300 _b
650 _a
942 _cBK
_o952.6 MF
999 _c42825
_d42815